La tortuga gigante : y otros cuentos de la selva /
Guardado en:
| Autor Principal: | |
|---|---|
| Formato: | Libro |
| Publicado: |
Buenos Aires :
Colihue,
1996.
|
| Series: | Libros del malabarista / Gustavo Roldán
|
| Materias: | |
| Etiquetas: |
Agregar Etiqueta
Sin Etiquetas, Sea el primero en etiquetar este registro!
|
| LEADER | 00776nam a22002175a 4500 | ||
|---|---|---|---|
| 001 | CEM.cems020062 | ||
| 008 | 230502s1996##################000#0#####d | ||
| 005 | 20230502130451.0 | ||
| 245 | 1 | 0 | |a La tortuga gigante : |b y otros cuentos de la selva / |c Horacio Quiroga. |
| 260 | |a Buenos Aires : |b Colihue, |c 1996. | ||
| 300 | |a 84 p. | ||
| 490 | 0 | |a Libros del malabarista / Gustavo Roldán | |
| 505 | 0 | |a Carta a los chicos -- La tortuga gigante -- Las medias de los flamencos -- La gama ciega -- El paso del Yabebirí | |
| 020 | |a 950581528x | ||
| 100 | 1 | |a Quiroga, Horacio. | |
| 653 | |a Literatura | ||
| 653 | |a Literatura argentina | ||
| 653 | |a Literatura infantil | ||
| 653 | |a Cuentos infantiles | ||
| 653 | |a Cuentos | ||
| 859 | |a CEMS |b BIB. CEMS - Agricultura |h A868.4 |i Q484-2 |p A3525.23 |t Ej.1 | ||
